000 00566amm a2200205a 44500
008 210719s2021 cat
041 _acat
245 _aVocabulari comú dels contractes públics (CPV)
_h[en línia]
260 _aGirona
_bDiputació de Girona
_c2021
500 _btermcat
520 _a9.454
592 _aObra terminològica
593 _aM
650 _adret públic
_960914
856 _uhttp://www.ddgi.cat/iplecs-cpv/
901 _c<2021>
902 _a210719
942 _cMO
_n0
_2ddc
999 _c67927
_d67927